| 000 | 00373nam a2200145Ia 4500 | ||
|---|---|---|---|
| 008 | 221007s9999 xx 000 0 und d | ||
| 041 | _aeng | ||
| 082 | _bDHA | ||
| 100 |
_aDhawale R R (2k51071) _9101985 |
||
| 245 | _aCompressor Construction and Maintenance System | ||
| 260 |
_c2007 _bPune University _aPune |
||
| 300 | _a55p | ||
| 520 | _aDhamdhere S | ||
| 906 | _bGeneral | ||
| 999 |
_c69140 _d69140 |
||